000 00576nam a22002177a 4500
003 OSt
005 20140310183000.0
008 130208t xxu||||| |||| 00| 0 eng d
020 _a9712343960
050 _aHF 5549
_b.M468 2006
100 _aMedina, Roberto G.
245 _aPersonnel and human resources management /
_cRoberto G. Medina.
260 _aManila :
_bRex Book Store,
_c2006.
300 _a275 p. :
_c23 cm.
_bill. ;
521 _aBSBA
562 _e2
650 _a1. Personnel management.
942 _2lcc
_cBK
_kLOC
999 _c18101
_d18101